000
00303nam a2200121Ia 4500
008
190216s9999||||xx |||||||||||||| ||und||
100
_a
Madnani Mehta
245
0
_a
Basic Mathematics For Commerce
260
_b
Sulthan Chand&Sons
_c
1977
300
_a
17.3p
650
_a
Mathematics
942
_c
BK
999
_c
30562
_d
30562